La poesía de la generación del 27

Kaydedildi:
Detaylı Bibliyografya
Yazar: Cano, José Luis (Yazar)
Materyal Türü: Kitap
Dil:İspanyolca
Baskı/Yayın Bilgisi: Madrid Guadarrama 1970
Seri Bilgileri:Colección Universitaria de Bolsillo Punto Omega, 87
Konular:
Etiketler: Etiketle
Etiket eklenmemiş, İlk siz ekleyin!

MARC

LEADER 00000nam a2200000 a 4500
001 UCT2552
003 CL-VaPUC
005 20240926105242.0
008 961011e19700000SP |||||||||||||||||spa|d
999 |c 252610  |d 252608 
040 |c Pontificia Universidad Católica de Valparaíso 
082 0 4 |a 861.09  |b CAN  |2 21 
100 0 |a Cano, José Luis  |e author  |9 371562 
245 1 3 |a La poesía de la generación del 27 
260 |a Madrid  |b Guadarrama  |c 1970 
300 |a 290 p 
490 0 |a Colección Universitaria de Bolsillo Punto Omega, 87 
583 |a last modification  |c 19961011 00:00:00  |k Rodrigo Vera 
600 0 |a Alberti, Rafael  |e autor  |9 267868 
600 0 |a García Lorca, Federico   |e autor   |9 315690 
600 0 |a Moreno Villa, José,  |d 1887-1955  |9 868441 
600 0 7 |a SALINAS, PEDRO  |2 CL-VaPUC  |9 346622 
600 0 7 |a GUILLEN, PEDRO  |2 CL-VaPUC  |9 371564 
600 0 7 |a ALEIXANDRE, VICENTE  |2 CL-VaPUC  |9 320133 
650 0 |a Poesía española  |9 264938 
650 0 |a Historia y crítica   |9 257407 
650 0 |a Crítica e interpretación   |9 255042 
942 |c BK  |2 ddc 
945 |d 19961011 00:00:00  |a rleighto 
952 |0 0  |1 0  |4 0  |6 861_090000000000000_CAN_1970  |7 0  |8 A  |9 272547  |a BIBEDU  |b BIBEDU  |d 2019-11-19  |i 3240746  |o 861.09 CAN 1970  |p 3240746  |r 2019-11-19  |w 2019-11-19  |y BK  |k LIT